Письма барона Шиллинга Германа (двоюродный брат) Шиллингу М. Ф. с приложением черновика ответа /нем./

Доступно только в Электронных читальных залах Найти на картеНа карте
RUSMARC
00004575nac2a22003013x 450
001057c5cbb-752a-4858-a853-fae322fdca67
00520211214171331.0
100##$a20211122l19091910k y0rusy50 ca
1010#$arus
$ager
$afre
102##$aRU
105##$ay z |||e|
1222#$ad19091231
$ad19100212
2001#$aПисьма барона Шиллинга Германа (двоюродный брат) Шиллингу М. Ф. с приложением черновика ответа /нем./
$j1909 - 12 февраля 1910
215##$a11 листов
251##$cДело
300##$aЗаголовок дела на папке: Письма барона Шиллинга Германа (двоюродный брат) Шиллингу М. Ф. (с приложением черновика ответа)
300##$aЧасть текста на немецком и французском языках
300##$aЛисты: 1, 7 - конверты с марками; 10 - конверт
300##$aРукописный текст
330##$aВходит в раздел описи: 3. Документы о научной и литературной деятельности барона Шиллинга М. Ф.. Письма разных лиц Шиллингу М. Ф.
461#0$1001ff9fc58f-089b-437b-980d-902343bc59d8
$12001
$aШиллинг Маврикий Фабианович, барон, секретарь русского посольства в Вене
$1251
$cФонд
$1852
$j813
462#0$1001665c067c-d934-4316-b9df-5bf0ad49190b
$12001
$aДела постоянного хранения. 1817-1917
$vД. 451
$1251
$cОпись
$1852
$j1
5171#$aПисьма барона Шиллинга Германа (двоюродный брат) Шиллингу М. Ф. (с приложением черновика ответа)
600#1$aШиллинг
$bМ. Ф.
$cбарон
$gМаврикий Фабианович
600#1$aШиллинг
$bГ.
$cбарон
$gГерман
801#0$aRU
$bGA_RF
801#1$aRU
$bГлавНИВЦ
$c20211122
$2rusmarc
801#2$aRU
$bПБ им. Б.Н. Ельцина
$c20211214
$gRCR
$2rusmarc
852##$aГА РФ
$j451
937##$d171600182
$hГАРФ
035##$aRuPRLIB51061350
856##$uhttp://readingroom.main.prlib.ru/item.aspx?id_node=n171600182&mode=full
Формат отображения